| 000 | 00669nam a2200277Ia 4500 | ||
|---|---|---|---|
| 008 | 170711s9999 xx 000 0 und d | ||
| 020 | _a9789380921402 | ||
| 050 | _a1.4 | ||
| 050 | _bG977 2011 | ||
| 100 | _aGupta, Sudhir | ||
| 245 | _aWorkshop on research methodology / | ||
| 245 | _cby Sudhir Gupta. | ||
| 250 | _aFirst edition | ||
| 260 | _aNew Delhi : | ||
| 260 | _bCentrum Press, | ||
| 260 | _c2011 | ||
| 300 | _avii, 296 pages : | ||
| 300 | _billustrations ; | ||
| 300 | _c21cm. | ||
| 500 | _aIncludes index. | ||
| 650 | _aResearch -- | ||
| 650 | _aSocial science -- | ||
| 650 | _xMethodology. | ||
| 650 | _xResearch. | ||
| 700 | _aTitle. | ||
| 999 |
_c339582 _d339582 |
||